|
|
|
|
| LEADER |
00000nam a2200000 a 4500 |
| 001 |
vtls008318558 |
| 003 |
SK-MaSNL |
| 005 |
20260301164601.0 |
| 008 |
181127s1958 xo 000 slo |
| 015 |
|
|
|a SKSNBA1959/02-00369
|
| 035 |
|
|
|a SK01SNK19590010775
|
| 035 |
|
|
|a SKM000013238
|
| 040 |
|
|
|a SNK
|b slo
|c SNK
|e AACR2
|
| 041 |
1 |
|
|a slo
|
| 044 |
|
|
|a xo
|c SK
|
| 080 |
|
|
|a 82-25(082)
|2 1981
|
| 100 |
1 |
|
|a Kozic, Ján
|4 aut
|4 com
|9 532183
|
| 245 |
1 |
0 |
|a Záložňa necností
|b sborník scénok a skečov
|c sborník zost. Ján Kozic
|
| 260 |
|
|
|a Martin
|b Osveta
|c 1958
|e Liptovský Mikuláš
|f Tlačiarne SNP
|
| 300 |
|
|
|a 103, [2] s.
|c 8°
|
| 490 |
1 |
|
|a Divadlo
|v zv. 69
|
| 563 |
|
|
|a 2700 výtl.
|
| 650 |
0 |
7 |
|a scénky satirické
|x zborníky
|2 SNK
|9 532184
|
| 650 |
0 |
7 |
|a skeče
|x zborníky
|2 SNK
|9 532185
|
| 655 |
|
7 |
|a umelecká literatúra
|2 SNKPH
|9 60405
|
| 830 |
|
0 |
|a Divadlo
|9 281424
|
| 852 |
|
|
|a Slovenská národná knižnica v Martine
|b 10000
|h SD 16550
|
| 852 |
|
|
|a Slovenská národná knižnica v Martine
|b 10000
|h SD 16550 D1
|
| 919 |
|
|
|a brož.
|
| 958 |
|
|
|a TL
|
| 958 |
|
|
|a LX
|
| 958 |
|
|
|a RK
|
| 958 |
|
|
|a ZB
|
| 999 |
|
|
|c 821113
|d 823043
|
| 952 |
|
|
|a SNK
|b SNK
|y PREZ
|7 0
|p 17A0603741
|o snkSD 16550
|i snkKSP 231/59
|0 0
|1 0
|4 0
|d 2008-11-07
|l 0
|r 2025-12-01 00:00:00
|w 2026-02-24
|
| 952 |
|
|
|a SNK
|b SNK
|y VYP
|7 0
|p 17A0235680
|o snkSD 16550 D1
|i snkKSP 232/59
|0 0
|1 0
|4 0
|d 2008-11-07
|l 0
|r 2026-02-24 03:06:15
|w 2026-02-24
|